[Event "Brno Trade op"]
[Site "Brno"]
[Date "2011.08.28"]
[Round "9"]
[White "Bartosova, Lucie"]
[Black "Sipek, Oldrich"]
[Result "1-0"]
[WhiteElo "1956"]
[BlackElo "2027"]
[PlyCount "53"]
[EventDate "2011.08.21"]
[EventType "swiss"]
[EventRounds "9"]
[EventCountry "CZE"]
[SourceTitle "CBM 144 Extra"]
[Source "ChessBase"]
[SourceDate "2011.10.28"]
[SourceVersion "1"]
[SourceVersionDate "2011.10.28"]
[SourceQuality "1"]

1. d4 d5 2. Nf3 c6 3. Bf4 Nf6 4. h3 h6 5. e3 Bf5 6. Bd3 Bxd3 7. Qxd3 Nbd7 8. 0-0 e6 9. b3 c5 10. c4 cxd4 11. exd4 dxc4 12. bxc4 Be7 13. Nc3 0-0 14. Rab1 b6 15. Qc2 Ne8 16. Rfd1 Qc8 17. Qe2 Bd6 18. Ne5 Nxe5 19. dxe5 Bc5 20. Rd3 f6 21. Ne4 fxe5 22. Bxe5 Rf5 23. Bg3 Nf6 24. Nxf6+ Rxf6 25. Qe4 Qf8 26. Rb2 Qf7 27. Qxa8+ 1-0

[Event "CZE-chT2D 1011"]
[Site "Czech Republic"]
[Date "2011.03.27"]
[Round "10"]
[White "Kraus, Ondrej"]
[Black "Bartosova, Lucie"]
[Result "0-1"]
[WhiteElo "1973"]
[BlackElo "1961"]
[PlyCount "86"]
[EventDate "2010.10.17"]
[EventType "team-tourn"]
[EventRounds "11"]
[EventCountry "CZE"]
[SourceTitle "EXT 2012"]
[Source "ChessBase"]
[SourceDate "2011.11.24"]
[SourceVersion "1"]
[SourceVersionDate "2011.11.24"]
[SourceQuality "1"]
[WhiteTeam "Pardubice AKIS"]
[BlackTeam "Litomysl"]
[WhiteTeamCountry "CZE"]
[BlackTeamCountry "CZE"]

1. Nf3 Nf6 2. d4 d5 3. c4 e6 4. cxd5 exd5 5. Nc3 c6 6. Bg5 Be7 7. e3 Bf5 8. Bd3 Ne4 9. Bf4 Bd6 10. Bxd6 Qxd6 11. Qc2 Qe7 12. Nd2 Nxd2 13. Bxf5 Nc4 14. 0-0 g6 15. Bd3 Nd6 16. b4 0-0 17. b5 Nd7 18. bxc6 bxc6 19. Ne2 Rfc8 20. Nf4 Nb6 21. Ba6 Rc7 22. Rab1 Nbc4 23. Rb3 Na5 24. Rc3 Ndc4 25. e4 Qd6 26. e5 Qd8 27. Nd3 Rb8 28. Rb1 Rb6 29. Nc5 Qb8 30. Rxb6 axb6 31. Bxc4 bxc5 32. Bd3 cxd4 33. Ra3 Qb4 34. Qc1 Re7 35. f4 f6 36. Kf2 fxe5 37. f5 e4 38. Rxa5 Qxa5 39. f6 Re5 40. Qxc6 Rf5+ 41. Kg3 Qe1+ 42. Kg4 Qd1+ 43. Kh4 Rf4+ 0-1

[Event "CZE-chT2D 1011"]
[Site "Czech Republic"]
[Date "2011.01.09"]
[Round "5"]
[White "Vincze, Roman"]
[Black "Bartosova, Lucie"]
[Result "1/2-1/2"]
[WhiteElo "2077"]
[BlackElo "1961"]
[PlyCount "129"]
[EventDate "2010.10.17"]
[EventType "team-tourn"]
[EventRounds "11"]
[EventCountry "CZE"]
[SourceTitle "EXT 2012"]
[Source "ChessBase"]
[SourceDate "2011.11.24"]
[SourceVersion "1"]
[SourceVersionDate "2011.11.24"]
[SourceQuality "1"]
[WhiteTeam "Bedrichov"]
[BlackTeam "Litomysl"]
[WhiteTeamCountry "CZE"]
[BlackTeamCountry "CZE"]

1. d4 Nf6 2. Bg5 d5 3. Bxf6 exf6 4. e3 Bb4+ 5. c3 Ba5 6. Bd3 0-0 7. Nd2 c6 8. Qc2 h6 9. 0-0-0 b5 10. h3 b4 11. c4 dxc4 12. Bxc4 Ba6 13. Ngf3 Bxc4 14. Qxc4 Qd5 15. Kb1 Qxc4 16. Nxc4 Bc7 17. Rd2 Nd7 18. Rc1 Rac8 19. Rdc2 Nb8 20. Ncd2 Rcd8 21. a3 bxa3 22. bxa3 Rd5 23. Ka2 f5 24. g3 f6 25. Nh4 Kf7 26. Rc5 Rxc5 27. Rxc5 g6 28. Nb3 Bb6 29. Rc2 Rd8 30. Ng2 g5 31. Ne1 Ke6 32. Nd3 Rc8 33. Nbc5+ Kd6 34. Kb3 Nd7 35. Nxd7 Kxd7 36. Kc4 Kd6 37. a4 c5 38. d5 Re8 39. Kb5 Kxd5 40. Nxc5 Bxc5 41. Rxc5+ Ke4 42. Ka6 Re7 43. a5 h5 44. h4 Rd7 45. Rc6 gxh4 46. Rc4+ Kf3 47. Rf4+ Kg2 48. gxh4 Rd5 49. Kxa7 Rxa5+ 50. Kb6 Re5 51. Kc6 Kh3 52. Kd6 Re4 53. Rxf5 Kxh4 54. Rxf6 Kg5 55. Rf8 h4 56. Kd5 Re7 57. Rg8+ Kf5 58. e4+ Kf4 59. Rf8+ Kg4 60. Rh8 Rf7 61. e5 Rxf2 62. Rg8+ Kf3 63. Rf8+ Kg2 64. Rxf2+ Kxf2 65. e6 1/2-1/2

[Event "Litomysl op 12th"]
[Site "Litomysl"]
[Date "2010.12.26"]
[Round "1"]
[White "Likavsky, Tomas"]
[Black "Bartosova, Lucie"]
[Result "1-0"]
[WhiteElo "2466"]
[BlackElo "1961"]
[PlyCount "69"]
[EventDate "2010.12.26"]
[EventType "swiss"]
[EventRounds "9"]
[EventCountry "CZE"]
[SourceTitle "CBM 140 Extra"]
[Source "ChessBase"]
[SourceDate "2011.03.01"]
[SourceVersion "1"]
[SourceVersionDate "2011.03.01"]
[SourceQuality "1"]

1. d4 Nf6 2. c4 Nc6 3. Nf3 e6 4. a3 Ne7 5. Nc3 d6 6. e4 Ng6 7. g3 Be7 8. Bg2 e5 9. h3 0-0 10. Be3 c5 11. dxc5 dxc5 12. Qb1 Bd7 13. 0-0 Qc8 14. Kh2 h6 15. Rd1 Be6 16. Nd5 Bd8 17. Nd2 Nh5 18. b4 Bxd5 19. cxd5 Be7 20. bxc5 Bxc5 21. Rc1 b6 22. Nb3 Rb8 23. Qd3 Qd7 24. Nxc5 bxc5 25. Rxc5 Rb7 26. Rac1 Nf6 27. Qa6 Ne7 28. Qa5 Ne8 29. Rc6 Rb8 30. Bxa7 Ra8 31. Ra6 Qb7 32. Bf1 Qb2 33. Be3 Rb8 34. Qc3 Qb7 35. Ra7 1-0

[Event "CZE-chT2D 1011"]
[Site "Czech Republic"]
[Date "2010.10.17"]
[Round "1"]
[White "Sedlacek, Oldrich"]
[Black "Bartosova, Lucie"]
[Result "1-0"]
[WhiteElo "2289"]
[BlackElo "1961"]
[PlyCount "139"]
[EventDate "2010.10.17"]
[EventType "team-tourn"]
[EventRounds "11"]
[EventCountry "CZE"]
[SourceTitle "EXT 2012"]
[Source "ChessBase"]
[SourceDate "2011.11.24"]
[SourceVersion "1"]
[SourceVersionDate "2011.11.24"]
[SourceQuality "1"]
[WhiteTeam "Trebic Caissa"]
[BlackTeam "Litomysl"]
[WhiteTeamCountry "CZE"]
[BlackTeamCountry "CZE"]

1. Nf3 d5 2. g3 Nf6 3. Bg2 g6 4. 0-0 Bg7 5. c4 c6 6. cxd5 cxd5 7. d4 0-0 8. Ne5 Qb6 9. Nc3 Rd8 10. Na4 Qb5 11. b3 Nc6 12. Ba3 Nb4 13. Qd2 a5 14. Rfc1 Bf5 15. f3 Rac8 16. Bf1 Qe8 17. Bxb4 axb4 18. Qxb4 Nd7 19. f4 f6 20. Nxd7 Bxd7 21. Nc5 Rb8 22. Bg2 Bf5 23. e3 e5 24. Qd2 exf4 25. exf4 Be4 26. Bf1 f5 27. Re1 Bf6 28. a4 Qe7 29. Bb5 Rd6 30. Rad1 Qg7 31. Re3 Rc8 32. a5 Bxd4 33. Qxd4 Qxd4 34. Rxd4 Rxc5 35. Rb4 Rc1+ 36. Kf2 Kg7 37. Re1 Rc2+ 38. Re2 Rc8 39. Ke3 Ra8 40. Ra2 Bb1 41. Ra1 Be4 42. Kd4 Rc8 43. Bd3 Rc7 44. Rb5 Kf6 45. b4 Rdc6 46. Ra3 Ke6 47. Rc5 Kd6 48. Rxc6+ Rxc6 49. b5 Rc8 50. a6 bxa6 51. bxa6 Ra8 52. Be2 Rb8 53. a7 Ra8 54. Bd1 Kc6 55. Bb3 Kd6 56. Ra6+ Kc7 57. Bxd5 Bxd5 58. Kxd5 Kb7 59. Ra2 Rd8+ 60. Ke6 Ka8 61. Ra3 Rd2 62. h4 Rd1 63. Kf6 Rd6+ 64. Kg5 Re6 65. h5 Rd6 66. Re3 gxh5 67. Kxf5 Rg6 68. Ra3 Rg7 69. Kf6 Rg4 70. f5 1-0

[Event "CZE-chT2D 0910"]
[Site "Czech Republic"]
[Date "2010.02.28"]
[Round "8.6"]
[White "Kratochvil, Josef"]
[Black "Bartosova, Lucie"]
[Result "1-0"]
[WhiteElo "2202"]
[BlackElo "1920"]
[PlyCount "95"]
[EventDate "2009.10.18"]
[EventType "team-tourn"]
[EventRounds "11"]
[EventCountry "CZE"]
[SourceTitle "EXT 2012"]
[Source "ChessBase"]
[SourceDate "2011.11.24"]
[SourceVersion "1"]
[SourceVersionDate "2011.11.24"]
[SourceQuality "1"]
[WhiteTeam "Trebic Caissa"]
[BlackTeam "Litomysl"]
[WhiteTeamCountry "CZE"]
[BlackTeamCountry "CZE"]

1. e4 Nc6 2. Nc3 e6 3. d4 d5 4. e5 Nge7 5. Bg5 a6 6. f4 Qd7 7. Bxe7 Bxe7 8. Nf3 b5 9. a3 Na5 10. Bd3 Nc4 11. Qc1 c5 12. Ne2 cxd4 13. Nexd4 Qc7 14. 0-0 0-0 15. c3 f6 16. Qc2 f5 17. Rae1 Kh8 18. Qe2 Bd7 19. h4 h6 20. Bb1 Qd8 21. Ng5 Bc5 22. Kh2 Qe8 23. Ngf3 Qh5 24. g3 Be7 25. Kg2 Na5 26. Qd3 Nb7 27. b4 Kg8 28. Nh2 Rac8 29. g4 Qg6 30. h5 Qh7 31. gxf5 Bh4 32. Re3 exf5 33. Rh3 Bd8 34. e6 Be8 35. Nxf5 Rxf5 36. Qxf5 Qxf5 37. Bxf5 Bf6 38. Ng4 Bxc3 39. e7 Rc6 40. Rc1 d4 41. Ne5 Rf6 42. Bg6 Nd6 43. Rd3 Nf7 44. Nxf7 Bxf7 45. Rcxc3 Bxg6 46. Rxd4 Be8 47. Rd8 Kf7 48. Rcc8 1-0

[Event "CZE-chT2D 0910"]
[Site "Czech Republic"]
[Date "2009.11.08"]
[Round "2.6"]
[White "Smutny, Jan"]
[Black "Bartosova, Lucie"]
[Result "1-0"]
[WhiteElo "2083"]
[BlackElo "1920"]
[PlyCount "99"]
[EventDate "2009.10.18"]
[EventType "team-tourn"]
[EventRounds "11"]
[EventCountry "CZE"]
[SourceTitle "EXT 2012"]
[Source "ChessBase"]
[SourceDate "2011.11.24"]
[SourceVersion "1"]
[SourceVersionDate "2011.11.24"]
[SourceQuality "1"]
[WhiteTeam "Pardubice AKIS"]
[BlackTeam "Litomysl"]
[WhiteTeamCountry "CZE"]
[BlackTeamCountry "CZE"]

1. e4 e5 2. Nf3 Nc6 3. Bc4 Bc5 4. c3 Nf6 5. d3 0-0 6. 0-0 a6 7. b4 Be7 8. Re1 d6 9. Nbd2 b5 10. Bb3 Bg4 11. Nf1 d5 12. h3 Bxf3 13. Qxf3 d4 14. Bd5 Qd7 15. Bxc6 Qxc6 16. cxd4 Qc3 17. Bg5 Qxd4 18. Ng3 Qxb4 19. Nf5 Bd8 20. Bh6 Ne8 21. Qg3 Bf6 22. d4 Kh8 23. dxe5 gxh6 24. exf6 Rg8 25. Qf3 Rg6 26. e5 c6 27. Ne7 Rg5 28. e6 Nd6 29. Qxc6 Rf8 30. Nd5 Qa3 31. Re3 Qb2 32. Rae1 Rfg8 33. Nf4 Qb4 34. Re4 Qd2 35. e7 Nxe4 36. Rxe4 Qd1+ 37. Kh2 Qf1 38. Rd4 Qe1 39. Rd8 Qxf2 40. e8Q Qxf4+ 41. Kg1 Qg3 42. Qe7 Qxh3 43. Rxg8+ Rxg8 44. Qee4 Qg3 45. Qcc2 Rg6 46. Qc8+ Rg8 47. Qcf5 Rg6 48. Qff4 Qc3 49. Qe8+ Rg8 50. Qxg8+ 1-0

[Event "Litomysl op 10th"]
[Site "Litomysl"]
[Date "2008.12.30"]
[Round "6"]
[White "Bartosova, Lucie"]
[Black "Olsarova, Tereza"]
[Result "0-1"]
[WhiteElo "1884"]
[BlackElo "2108"]
[PlyCount "62"]
[EventDate "2008.12.26"]
[EventType "swiss"]
[EventRounds "9"]
[EventCountry "CZE"]
[SourceTitle "CBM 128 Extra"]
[Source "ChessBase"]
[SourceDate "2009.03.05"]
[SourceVersion "2"]
[SourceVersionDate "2009.03.25"]
[SourceQuality "1"]

1. e4 e5 2. Nf3 Nc6 3. Bc4 Nf6 4. d4 exd4 5. 0-0 Nxe4 6. Re1 d5 7. Bxd5 Qxd5 8. Nc3 Qa5 9. Rxe4+ Be6 10. Nxd4 0-0-0 11. Nce2 Bf5 12. Bd2 Qd5 13. Nc3 Qd7 14. Nxf5 Qxf5 15. Rf4 Qg6 16. Ne4 f5 17. Ng3 Qd6 18. Nf1 g6 19. Rf3 Ne5 20. Rh3 g5 21. Qh5 Be7 22. Bxg5 Bxg5 23. Qxg5 Rdf8 24. Qe3 Kb8 25. Rh6 Qd5 26. Qh3 Rhg8 27. Ne3 Qe4 28. Kh1 f4 29. Nf1 Ng4 30. Qh4 Nxh6 31. f3 Qxc2 0-1